| 000 | 00575nam a2200181Ia 4500 | ||
|---|---|---|---|
| 003 | 0 | ||
| 005 | 20250129120612.0 | ||
| 008 | 150126s9999 xx 000 0 und d | ||
| 050 |
_aPGS LB 1049.8 _b.Ib12 2014 |
||
| 100 | _aIbañez, Sancho. | ||
| 245 |
_aInternet usage and study habits / _cSancho Ibañez. |
||
| 260 |
_aLas Piñas City, Philippines : _bSouthville International School and Colleges, _c2014. |
||
| 300 |
_a30 p. : _bill. ; _c28 cm. |
||
| 504 | _aIncludes bibliographical references. | ||
| 650 | _aStudy habits. | ||
| 650 | _aInternet use. | ||
| 942 |
_2lcc _cPASS |
||
| 999 |
_c278592 _d278592 |
||